00461nmm a2200169Ia 4500008004100000020001800041041000800059100002100067245002400088264005500112300001800167490001100185650002000196856005100216942000700267999001700274251105s9999||||xx |||||||||||||||||und|| a9788492531660 aspa aDelgado, Simón 0aLos mayores primero a[Madrid, España] :bEdiciones Antígona, c2011 a110 páginas aTeatro aSpanish theater uhttps://public.digitaliapublishing.com/a/24202 cCF c88909d88909